|
|
|
|
| LEADER |
00000nab#a22000007a#4500 |
| 001 |
arbauad031954 |
| 003 |
AR-BaUAD |
| 005 |
20250711112601.0 |
| 008 |
98 0 0|||||||||###||||||b###|0###a|spa|| |
| 040 |
|
|
|a AR-BaUAD
|c AR-BaUAD
|b spa
|
| 100 |
|
|
|a Mastrigli, Gabriele
|
| 245 |
|
|
|a Paesaggi verticali /
|c Gabriele Mastrigli;
|
| 300 |
0 |
|
|b fot., il.
|
| 653 |
|
|
|a ESTADOS UNIDOS
|
| 653 |
|
|
|a NUEVA YORK
|
| 653 |
|
|
|a MANHATTAN
|
| 653 |
|
|
|a URBANISMO
|
| 653 |
|
|
|a PAISAJISMO
|
| 653 |
|
|
|a JARDINES
|
| 653 |
|
|
|a PROYECTOS
|
| 653 |
|
|
|a KOOLHAAS, REM
|
| 653 |
|
|
|a GEUZE, ADRIAAN
|
| 653 |
|
|
|a GEUZE-WEST 8
|
| 653 |
|
|
|a PROYECTOS
|
| 773 |
0 |
|
|t MODO
|g no. 189 [mayo 1998], p. 41-44
|
| 942 |
|
|
|c ARTI
|
| 952 |
|
|
|0 0
|1 0
|4 0
|7 0
|9 76873
|a AR-BAuAD
|b AR-BAuAD
|d 2025-07-11
|l 0
|p AAQA031954
|r 2025-07-11 11:26:01
|w 2025-07-11
|y ARTI
|
| 990 |
|
|
|a P199
|b TD
|
| 990 |
|
|
|a U199
|b TD
|
| 998 |
|
|
|a AAQ
|b BIBUN76
|
| 999 |
|
|
|c 56546
|d 56546
|